Name World Capitals #7 - Statistics

General Stats
  • This quiz has been taken 12 times
  • The average score is 19 of 26
Answer Stats
Hint Answer % Correct
Capital of Ethiopia Addis Ababa
100%
Capital of Djibouti Djibouti
100%
Capital of Kenya Nairobi
100%
Capital of Sudan Khartoum
90%
Capital of the Democratic Republic of the Congo Kinshasa
90%
Capital of Somolia Mogadishu
90%
Capital of Sao Tome and Principe Sao Tome
90%
Capital of Madagascar Antananarivo
80%
Capital of Uganda Kampala
80%
Capital of Seychelles Victoria
80%
Capital of the Republic of the Congo Brazzaville
70%
Capital of South Sudan Juba
70%
Capital of Rwanda Kigali
70%
Capital of Angola Luanda
70%
Capital of Zambia Lusaka
70%
Capital of Chad N'Djamena
70%
Capital of Eritrea Asmara
60%
Capital of Tanzania Dodoma
60%
Capital of Gabon Libreville
60%
Capital of Malawi Lilongwe
60%
Capital of Cameroon Yaounde
60%
Capital of the Central African Republic Bangui
50%
Capital of Burundi Gitega
50%
Capital of Equatorial Guinea Malabo
50%
Capital of Mauritius Port Louis
50%
Capital of Comoros Moroni
40%
No matching quizzes found
Score Distribution
Percent of People with Each Score
Percentile by Number Answered
Your Score History
You have not taken this quiz